[Event "DVM U20w 2008"]
[Site "Arendsee (Altmark) GER"]
[Date "2008.12.28"]
[Round "3"]
[White "Hiller, Vanessa"]
[Black "Micklich, Rahel"]
[Result "0-1"]
[Termination "normal"]
[Board "4.3"]
[WhiteElo "1617"]
[BlackElo "1779"]
[WhiteTeam "SC Ladja Roßdorf"]
[BlackTeam "SG Porz"]
[PlyCount "114"]
[WhiteFideId "24668761"]
[BlackFideId "24639184"]
[EventCountry "GER"]
[EventRounds "5"]
[EventType "team-swiss"]
[EventDate "2008.12.26"]

1. d4 Nf6 2. c4 e6 3. Nf3 c5 4. d5 exd5 5. cxd5 d6 6. Nc3 g6 7. Bg5 Bg7 8. e4
a6 9. a4 Bg4 10. h3 Bxf3 11. Qxf3 Nbd7 12. Bd3 Ne5 13. Qd1 O-O 14. O-O c4 15.
Be2 Qb6 16. Qc2 Rac8 17. Be3 Qa5 18. Rad1 Ned7 19. Rd4 Nb6 20. Rdd1 Rfe8 21. f3
Nh5 22. Bd4 Bxd4+ 23. Rxd4 Qc5 24. Rfd1 Nf4 25. Kh2 Re5 26. Bf1 g5 27. R4d2 Nh5
28. Nb1 Qe3 29. Qc3 Qf4+ 30. Kh1 Ng3+ 31. Kg1 Nxf1 32. Rxf1 Nxa4 33. Qb4 Nc5
34. Qxc4 Qe3+ 35. Kh1 Qb3 36. Rc1 Qxc4 37. Rxc4 b5 38. Rc3 b4 39. Rc4 a5 40.
Rdc2 Re7 41. Nd2 Rb8 42. Rxc5 dxc5 43. Rxc5 Ra8 44. d6 Rd7 45. Nc4 Ra6 46.
Rxg5+ Kf8 47. Rb5 Rdxd6 48. Nxd6 Rxd6 49. Rxa5 Rd2 50. Kg1 Rxb2 51. Kf1 b3 52.
Ke1 Rxg2 53. Rb5 b2 54. Kd1 h5 55. h4 Rh2 56. Rb6 Rxh4 57. Rxb2 Rh1+ 0-1

[Event "DVM U20w 2008"]
[Site "Arendsee (Altmark) GER"]
[Date "2008.12.28"]
[Round "3"]
[White "Schäfer, Emma"]
[Black "Öz, Eda"]
[Result "0-1"]
[Termination "normal"]
[Board "4.4"]
[WhiteElo "1362"]
[BlackElo "1502"]
[WhiteTeam "SG Porz"]
[BlackTeam "SC Ladja Roßdorf"]
[PlyCount "80"]
[WhiteFideId "24659312"]
[BlackFideId "24672963"]
[EventCountry "GER"]
[EventRounds "5"]
[EventType "team-swiss"]
[EventDate "2008.12.26"]

1. d4 d5 2. Nf3 e6 3. e3 Nf6 4. Bd3 Nbd7 5. Nbd2 c5 6. c3 Qc7 7. O-O Bd6 8. Re1
O-O 9. e4 dxe4 10. Nxe4 Be7 11. Bg5 c4 12. Bc2 b6 13. Ne5 Nd5 14. Nxd7 Qxd7 15.
Qh5 Bxg5 16. Nxg5 h6 17. Nf3 Nf6 18. Qh4 Bb7 19. Ne5 Qc7 20. Re3 Kh8 21. g4 Qd8
22. Rg3 Ne4 23. Qxd8 Raxd8 24. Bxe4 Bxe4 25. Rh3 Bd5 26. g5 Kh7 27. Re1 Rc8 28.
Ree3 Rc7 29. gxh6 gxh6 30. Reg3 f5 31. Rg6 Rg7 32. Rgg3 Rxg3+ 33. Rxg3 Rg8 34.
Rxg8 Kxg8 35. f3 Kg7 36. Kg2 Kf6 37. Nd7+ Kg5 38. Ne5 Kf4 39. Kh3 Bxf3 40. Nxf3
Kxf3 0-1

[Event "DVM U20w 2008"]
[Site "Arendsee (Altmark) GER"]
[Date "2008.12.29"]
[Round "4"]
[White "Dietzen, Corinna"]
[Black "Lorenz, Nicole"]
[Result "1/2-1/2"]
[Termination "normal"]
[Board "1.1"]
[WhiteElo "2009"]
[BlackElo "1811"]
[WhiteTeam "SF Wadgassen/Differten"]
[BlackTeam "SG G-W Dresden"]
[PlyCount "44"]
[WhiteFideId "24621021"]
[BlackFideId "24623709"]
[EventCountry "GER"]
[EventRounds "5"]
[EventType "team-swiss"]
[EventDate "2008.12.26"]

1. e4 c5 2. c3 d5 3. exd5 Qxd5 4. Nf3 Nf6 5. d4 e6 6. Be2 Be7 7. O-O O-O 8. Be3
cxd4 9. cxd4 Nc6 10. Nc3 Qd6 11. a3 b6 12. Rc1 Bb7 13. Qd3 Rac8 14. Rfd1 Rfd8
15. Qb1 Qb8 16. Bd3 h6 17. Rc2 Bf8 18. Rdc1 Ba8 19. Ba6 Bb7 20. Bf1 Qa8 21. b4
Ne7 22. Ne5 Nc6 1/2-1/2

[Event "DVM U20w 2008"]
[Site "Arendsee (Altmark) GER"]
[Date "2008.12.29"]
[Round "4"]
[White "Stark, Saskia"]
[Black "Ley, Janine"]
[Result "1/2-1/2"]
[Termination "normal"]
[Board "1.2"]
[WhiteElo "1912"]
[BlackElo "1655"]
[WhiteTeam "SG G-W Dresden"]
[BlackTeam "SF Wadgassen/Differten"]
[PlyCount "77"]
[WhiteFideId "4601050"]
[BlackFideId "24671274"]
[EventCountry "GER"]
[EventRounds "5"]
[EventType "team-swiss"]
[EventDate "2008.12.26"]

1. e4 e5 2. Nf3 Nc6 3. Bc4 Bc5 4. d3 Nf6 5. O-O d6 6. c3 O-O 7. Bb3 Bb6 8. Nbd2
Be6 9. Bc2 Nd7 10. h3 Qe7 11. Re1 a6 12. Nf1 f5 13. exf5 Bxf5 14. Ng3 Bg6 15.
Bg5 Qe8 16. Be3 Bxe3 17. fxe3 Nf6 18. e4 Qd7 19. Nh4 Bf7 20. Nhf5 Rae8 21. Qd2
Be6 22. Qg5 Kh8 23. Rf1 Ng8 24. a3 g6 25. Nh4 Qg7 26. Nf3 Qh6 27. Qxh6 Nxh6 28.
Ng5 Bd7 29. Bb3 Nd8 30. Rac1 Kg7 31. Rxf8 Rxf8 32. Rf1 Rxf1+ 33. Nxf1 Nhf7 34.
Nxf7 Nxf7 35. Ne3 Ng5 36. Kf2 Ne6 37. Bxe6 Bxe6 38. Kf3 c6 39. Ng4 1/2-1/2

[Event "DVM U20w 2008"]
[Site "Arendsee (Altmark) GER"]
[Date "2008.12.29"]
[Round "4"]
[White "Neumann, Tanja"]
[Black "Kosovska, Olena"]
[Result "0-1"]
[Termination "normal"]
[Board "1.3"]
[WhiteElo "1453"]
[BlackElo "1954"]
[WhiteTeam "SF Wadgassen/Differten"]
[BlackTeam "SG G-W Dresden"]
[PlyCount "95"]
[WhiteFideId "24659274"]
[BlackFideId "4647963"]
[EventCountry "GER"]
[EventRounds "5"]
[EventType "team-swiss"]
[EventDate "2008.12.26"]

1. e4 c5 2. Nf3 Nc6 3. d3 d6 4. g3 g6 5. Bg2 Bg7 6. Nbd2 Nf6 7. O-O O-O 8. c3
Ne8 9. Qc2 Kh8 10. a3 a5 11. Nc4 b5 12. Ne3 Bb7 13. Bd2 Rc8 14. Qb3 Ba6 15. Ng5
e6 16. Nf3 a4 17. Qd1 Na5 18. Rb1 Nb3 19. Nc2 Nf6 20. h3 Qc7 21. Be3 Nh5 22.
Nd2 Na5 23. Re1 f5 24. exf5 exf5 25. Bg5 Bb7 26. Re7 Qb6 27. Nf3 Rce8 28. Qd2
Rxe7 29. Bxe7 Re8 30. Re1 Qc7 31. Bg5 Qd7 32. Ne3 Nb3 33. Qc2 h6 34. g4 fxg4
35. hxg4 Nf6 36. Bxf6 Bxf6 37. d4 Bd5 38. Qd1 cxd4 39. Nxd4 Bxg2 40. Kxg2 Nxd4
41. cxd4 Re4 42. Qf3 Qe6 43. Rh1 Kg7 44. d5 Qe5 45. Rb1 Qd4 46. Qe2 Qxd5 47.
Rd1 Rxg4+ 48. Kh3 0-1

[Event "DVM U20w 2008"]
[Site "Arendsee (Altmark) GER"]
[Date "2008.12.29"]
[Round "4"]
[White "Nake, Marianne"]
[Black "Nischik, Natascha"]
[Result "1/2-1/2"]
[Termination "normal"]
[Board "1.4"]
[WhiteElo "1320"]
[BlackElo "1415"]
[WhiteTeam "SG G-W Dresden"]
[BlackTeam "SF Wadgassen/Differten"]
[PlyCount "89"]
[BlackFideId "4633849"]
[EventCountry "GER"]
[EventRounds "5"]
[EventType "team-swiss"]
[EventDate "2008.12.26"]

1. e4 e5 2. Bc4 Bc5 3. Nf3 Nc6 4. d3 Nf6 5. O-O d6 6. c3 Be6 7. Bb3 O-O 8. Bc2
Ne8 9. Ng5 h6 10. Nxe6 fxe6 11. Qg4 Qf6 12. Qg3 Ne7 13. Nd2 Ng6 14. Nf3 Nf4 15.
Re1 c6 16. Be3 Bxe3 17. Rxe3 Qg6 18. Rd1 Qxg3 19. hxg3 Ng6 20. Bb3 Nc7 21. d4
exd4 22. Nxd4 Rfe8 23. Nf3 d5 24. Rde1 Kf7 25. Bc2 Nf8 26. Ne5+ Kf6 27. Ng4+
Kf7 28. Rf3+ Ke7 29. Ne5 Kd6 30. Nf7+ Kc5 31. b4+ Kb6 32. a4 a6 33. Bd3 Ka7 34.
Ra1 Rab8 35. b5 a5 36. Rb1 cxb5 37. axb5 b6 38. Nd6 Red8 39. Nf7 Rd7 40. Ne5
Rdd8 41. Nc6+ Kb7 42. Nxb8 Kxb8 43. Rf7 g5 44. Rf6 h5 45. Rh6 1/2-1/2

[Event "DVM U20w 2008"]
[Site "Arendsee (Altmark) GER"]
[Date "2008.12.29"]
[Round "4"]
[White "Hofmann, Annett"]
[Black "Erben, Larissa"]
[Result "0-1"]
[Termination "normal"]
[Board "2.1"]
[WhiteElo "1993"]
[BlackElo "1991"]
[WhiteTeam "SF Hettstedt"]
[BlackTeam "SV Stuttgart-Wolfbusch 1956"]
[PlyCount "78"]
[WhiteFideId "24603759"]
[BlackFideId "24634590"]
[EventCountry "GER"]
[EventRounds "5"]
[EventType "team-swiss"]
[EventDate "2008.12.26"]

1. e4 c5 2. Nf3 e6 3. d4 cxd4 4. Nxd4 Nc6 5. Nc3 Qc7 6. Nb3 Nf6 7. Bd3 a6 8.
O-O Be7 9. Kh1 O-O 10. f4 d6 11. Qe2 b5 12. Bd2 Bb7 13. a4 b4 14. Na2 d5 15. e5
Ne4 16. Bxe4 dxe4 17. c3 a5 18. Rfc1 Qd7 19. Be3 Ba6 20. Qf2 Qb7 21. Bc5 Bc4
22. Bxe7 Qxe7 23. Nd2 Bd3 24. Re1 f5 25. exf6 Qxf6 26. Nxe4 Qxf4 27. Qxf4 Rxf4
28. Nc5 Bf5 29. Nxe6 Bxe6 30. Rxe6 b3 31. Rxc6 bxa2 32. g3 Rxa4 33. Rb6 Rd8 34.
Kg2 Rd2+ 35. Kh3 g5 36. b4 g4+ 37. Kh4 Rxh2+ 38. Kg5 Rb2 39. bxa5 Rxa5+ 0-1

[Event "DVM U20w 2008"]
[Site "Arendsee (Altmark) GER"]
[Date "2008.12.29"]
[Round "4"]
[White "Stitterich, Nadine"]
[Black "Weiß, Katharina"]
[Result "1/2-1/2"]
[Termination "normal"]
[Board "2.2"]
[WhiteElo "1898"]
[BlackElo "1651"]
[WhiteTeam "SV Stuttgart-Wolfbusch 1956"]
[BlackTeam "SF Hettstedt"]
[PlyCount "97"]
[WhiteFideId "24676527"]
[BlackFideId "24692859"]
[EventCountry "GER"]
[EventRounds "5"]
[EventType "team-swiss"]
[EventDate "2008.12.26"]

1. e4 e6 2. d3 c5 3. Nd2 Nc6 4. Ngf3 g6 5. g3 Bg7 6. Bg2 Nge7 7. O-O O-O 8. Re1
d6 9. Nf1 h6 10. h4 e5 11. Ne3 Be6 12. h5 g5 13. g4 d5 14. Nh2 Qd7 15. Nf5 dxe4
16. Nxg7 Kxg7 17. Bxe4 Bd5 18. Be3 Bxe4 19. dxe4 Qxd1 20. Raxd1 Nd4 21. c3 Nc2
22. Bxc5 Nxe1 23. Bxe7 Rfe8 24. Bc5 Nc2 25. Rc1 b6 26. Bd6 Re6 27. Bc7 Re7 28.
Bd6 Re6 29. Bc7 Re7 30. Rxc2 Rxc7 31. Nf1 Rd8 32. Ne3 Rd3 33. Kg2 Rcd7 34. Nd5
Kf8 35. a4 Rd6 36. b4 Rc6 37. Ra2 Rcxc3 38. Nxc3 Rxc3 39. b5 Ke7 40. f3 Rc4 41.
Kf2 Kd6 42. Ke3 Kc5 43. Rd2 Rd4 44. Rc2+ Rc4 45. Ra2 Rd4 46. a5 Rd7 47. axb6
axb6 48. Rb2 Kc4 49. Rb1 1/2-1/2

[Event "DVM U20w 2008"]
[Site "Arendsee (Altmark) GER"]
[Date "2008.12.29"]
[Round "4"]
[White "Hofmann, Christine"]
[Black "Häcker, Katrin"]
[Result "1-0"]
[Termination "normal"]
[Board "2.3"]
[WhiteElo "1606"]
[BlackElo "1567"]
[WhiteTeam "SF Hettstedt"]
[BlackTeam "SV Stuttgart-Wolfbusch 1956"]
[PlyCount "61"]
[BlackFideId "24667986"]
[EventCountry "GER"]
[EventRounds "5"]
[EventType "team-swiss"]
[EventDate "2008.12.26"]

1. d4 d5 2. c4 e6 3. Nc3 Nf6 4. cxd5 exd5 5. Bg5 c6 6. e3 Bf5 7. Bd3 Bg6 8.
Nge2 Nbd7 9. Nf4 Bxd3 10. Nxd3 Bd6 11. Qe2 O-O 12. O-O-O Qc7 13. Kb1 b6 14. h4
Ne4 15. Rc1 Nxc3+ 16. Rxc3 c5 17. Qg4 f5 18. Qf3 Qb7 19. g4 h6 20. gxf5 hxg5
21. hxg5 g6 22. Qh3 Kf7 23. Qh7+ Ke8 24. Qxg6+ Rf7 25. Qxd6 Nf8 26. f6 Rd8 27.
Qe5+ Kd7 28. dxc5 Qc6 29. cxb6 Qxb6 30. Qxd5+ Qd6 31. Ne5+ 1-0

[Event "DVM U20w 2008"]
[Site "Arendsee (Altmark) GER"]
[Date "2008.12.29"]
[Round "4"]
[White "Hafner, Katrin"]
[Black "Becker, Franziska"]
[Result "0-1"]
[Termination "normal"]
[Board "2.4"]
[WhiteElo "1608"]
[BlackElo "1481"]
[WhiteTeam "SV Stuttgart-Wolfbusch 1956"]
[BlackTeam "SF Hettstedt"]
[PlyCount "105"]
[WhiteFideId "24668001"]
[BlackFideId "24691518"]
[EventCountry "GER"]
[EventRounds "5"]
[EventType "team-swiss"]
[EventDate "2008.12.26"]

1. e4 e6 2. d3 c5 3. Nf3 Nc6 4. g3 d5 5. Nbd2 Bd6 6. Bg2 Nge7 7. O-O O-O 8. Re1
Ng6 9. c3 d4 10. Nc4 e5 11. Ng5 Be7 12. Nh3 Be6 13. f4 exf4 14. gxf4 Bxc4 15.
dxc4 Bh4 16. Rf1 dxc3 17. Qg4 Qd4+ 18. Kh1 cxb2 19. Bxb2 Qxb2 20. f5 Nce5 21.
Qh5 Bf6 22. Ng5 Bxg5 23. fxg6 fxg6 24. Qxg5 Rxf1+ 25. Rxf1 Re8 26. Bh3 h6 27.
Qe3 Qxa2 28. Qxc5 Qxc4 29. Qxa7 b5 30. Bg2 b4 31. Qe3 Qd3 32. Qxd3 Nxd3 33. Rb1
Rb8 34. Bf1 Nf2+ 35. Kg2 Nxe4 36. Bd3 Nc3 37. Rb3 g5 38. Kf3 Kf7 39. Ke3 Kf6
40. Kd4 g4 41. Rb2 Kg5 42. Rf2 Kh4 43. Bc4 Na4 44. Bb3 Nb6 45. Rf7 g5 46. Rh7
g3 47. Rxh6+ Kg4 48. Bd1+ Kf5 49. hxg3 Rd8+ 50. Kc5 Rxd1 51. Rxb6 Rb1 52. Kd4
b3 53. Kc3 0-1

[Event "DVM U20w 2008"]
[Site "Arendsee (Altmark) GER"]
[Date "2008.12.29"]
[Round "4"]
[White "Karmann, Anna"]
[Black "Hüllen, Alexandra"]
[Result "1-0"]
[Termination "normal"]
[Board "3.1"]
[WhiteElo "1903"]
[BlackElo "1416"]
[WhiteTeam "SG Porz"]
[BlackTeam "TTC G-W Fritzdorf"]
[PlyCount "71"]
[WhiteFideId "24648000"]
[EventCountry "GER"]
[EventRounds "5"]
[EventType "team-swiss"]
[EventDate "2008.12.26"]

1. c4 e5 2. g3 Nf6 3. Bg2 Be7 4. Nc3 O-O 5. e3 d6 6. Nge2 Nbd7 7. O-O Rb8 8. d3
c6 9. b3 Qc7 10. Bb2 Nb6 11. Rc1 Be6 12. f4 Ng4 13. Qd2 exf4 14. Nxf4 Ne5 15.
d4 Ng6 16. d5 Nxf4 17. gxf4 Bd7 18. e4 c5 19. Ne2 Bg4 20. Ng3 Bh4 21. Qc3 f6
22. h3 Bxg3 23. Qxg3 Bh5 24. e5 fxe5 25. fxe5 Rxf1+ 26. Rxf1 Qe7 27. e6 Rf8 28.
Rxf8+ Qxf8 29. Qg5 Be8 30. Qd8 Bg6 31. e7 Qe8 32. Qxd6 Nc8 33. Qe6+ Kh8 34. d6
Nb6 35. Qe5 Qd7 36. Qxg7# 1-0

[Event "DVM U20w 2008"]
[Site "Arendsee (Altmark) GER"]
[Date "2008.12.29"]
[Round "4"]
[White "Bachem, Sabrina"]
[Black "Blübaum, Johanna"]
[Result "0-1"]
[Termination "normal"]
[Board "3.2"]
[WhiteElo "1368"]
[BlackElo "1902"]
[WhiteTeam "TTC G-W Fritzdorf"]
[BlackTeam "SG Porz"]
[PlyCount "102"]
[BlackFideId "24647373"]
[EventCountry "GER"]
[EventRounds "5"]
[EventType "team-swiss"]
[EventDate "2008.12.26"]

1. e4 e6 2. d4 d5 3. exd5 exd5 4. Nf3 Bg4 5. Be2 Bd6 6. Nc3 Ne7 7. Ne5 Bxe2 8.
Qxe2 O-O 9. O-O Nbc6 10. Nxc6 Nxc6 11. Be3 Re8 12. Qf3 Ne7 13. Nb5 Ng6 14. Nxd6
Qxd6 15. Rfe1 c6 16. c3 Re4 17. Bd2 Rae8 18. Re3 Nh4 19. Qh3 Qe6 20. Qxe6 R8xe6
21. Rae1 Rxe3 22. Rxe3 Rxe3 23. Bxe3 f5 24. f3 Kf7 25. Kf2 a6 26. g3 Ng6 27. b3
b5 28. h4 h5 29. Bd2 Nf8 30. Bf4 Ne6 31. Be3 f4 32. gxf4 Kg6 33. Kg3 Kf5 34.
Bd2 c5 35. Be3 cxd4 36. cxd4 b4 37. Kg2 Nxf4+ 38. Kf2 a5 39. Bd2 Ne6 40. Be3
Nc7 41. Bd2 Nb5 42. Ke3 g5 43. hxg5 Kxg5 44. Kd3+ Kf5 45. Be1 Nc3 46. Bxc3 bxc3
47. Kxc3 h4 48. b4 axb4+ 49. Kxb4 h3 50. a4 h2 51. a5 h1=Q 0-1

[Event "DVM U20w 2008"]
[Site "Arendsee (Altmark) GER"]
[Date "2008.12.29"]
[Round "4"]
[White "Micklich, Rahel"]
[Black "Bojahr, Franziska"]
[Result "1-0"]
[Termination "normal"]
[Board "3.3"]
[WhiteElo "1779"]
[BlackElo "1303"]
[WhiteTeam "SG Porz"]
[BlackTeam "TTC G-W Fritzdorf"]
[PlyCount "43"]
[WhiteFideId "24639184"]
[EventCountry "GER"]
[EventRounds "5"]
[EventType "team-swiss"]
[EventDate "2008.12.26"]

1. d4 Nf6 2. c4 e6 3. Nc3 d5 4. Bg5 Be7 5. e3 h6 6. Bh4 b6 7. Nf3 c5 8. cxd5
Nxd5 9. Bxe7 Qxe7 10. Nxd5 exd5 11. dxc5 bxc5 12. Qxd5 Bb7 13. Bb5+ Kf8 14. Qf5
Nc6 15. Bxc6 Bxc6 16. Ne5 Qe8 17. Ng6+ Kg8 18. Nxh8 Kxh8 19. O-O Qe7 20. Rac1
Bb5 21. Rfd1 c4 22. Qxb5 1-0

[Event "DVM U20w 2008"]
[Site "Arendsee (Altmark) GER"]
[Date "2008.12.29"]
[Round "4"]
[White "Billing, Tanja"]
[Black "van Orsouw, Svenja"]
[Result "1/2-1/2"]
[Termination "normal"]
[Board "4.1"]
[WhiteElo "1818"]
[BlackElo "1701"]
[WhiteTeam "FC Ergolding"]
[BlackTeam "SK Turm Rheydt 1929"]
[PlyCount "84"]
[WhiteFideId "24647993"]
[BlackFideId "24677124"]
[EventCountry "GER"]
[EventRounds "5"]
[EventType "team-swiss"]
[EventDate "2008.12.26"]

1. d4 Nf6 2. c4 c5 3. Nf3 g6 4. Nc3 cxd4 5. Nxd4 Bg7 6. e4 d6 7. Be2 Nbd7 8.
Be3 a6 9. f3 Qc7 10. O-O Ne5 11. b3 O-O 12. Rc1 b6 13. Nd5 Nxd5 14. cxd5 Qb7
15. f4 Nd7 16. Nc6 Nb8 17. Qd2 e6 18. Nxb8 Rxb8 19. Rc6 b5 20. Rxd6 exd5 21.
Rb6 Qa8 22. Rxb8 Qxb8 23. Qxd5 Bb7 24. Qd3 Rd8 25. Qb1 Bd4 26. Bxd4 Rxd4 27. e5
Rd2 28. Bf3 Qa7+ 29. Kh1 Bxf3 30. Rxf3 Qd4 31. Rf1 Rb2 32. Qe1 Rxa2 33. e6 Qd5
34. exf7+ Kxf7 35. Qg3 Rd2 36. f5 gxf5 37. Qc7+ Kf6 38. Qc3+ Qd4 39. Qc6+ Qd6
40. Qc3+ Kg6 41. Qc8 f4 42. Qg4+ Kh6 1/2-1/2

[Event "DVM U20w 2008"]
[Site "Arendsee (Altmark) GER"]
[Date "2008.12.29"]
[Round "4"]
[White "Stoer, Agnes"]
[Black "Farokhpey, Sarah"]
[Result "0-1"]
[Termination "normal"]
[Board "4.2"]
[WhiteElo "1422"]
[BlackElo "1612"]
[WhiteTeam "SK Turm Rheydt 1929"]
[BlackTeam "FC Ergolding"]
[PlyCount "76"]
[WhiteFideId "1270593"]
[EventCountry "GER"]
[EventRounds "5"]
[EventType "team-swiss"]
[EventDate "2008.12.26"]

1. e4 e6 2. d4 d5 3. Bd3 dxe4 4. Bxe4 Nf6 5. Bf3 c5 6. Ne2 cxd4 7. Qxd4 Nbd7 8.
Bg5 Be7 9. O-O Qb6 10. Qxb6 Nxb6 11. Nbc3 a6 12. Ng3 Nc4 13. b3 Ne5 14. Be2 Bd7
15. Rad1 Rc8 16. Bd2 b5 17. f4 Neg4 18. Bxg4 Nxg4 19. Nge4 f5 20. h3 fxe4 21.
hxg4 e3 22. Be1 Rxc3 23. Rxd7 Rxc2 24. Rd3 e2 25. Rf2 Bc5 26. Rd2 Rxd2 27. Bxd2
Kf7 28. Ba5 Rc8 29. g3 Bxf2+ 30. Kxf2 Rc2 31. Be1 Rxa2 32. b4 Ke7 33. Bc3 g6
34. g5 Kd6 35. Be1 Kd5 36. Ke3 Kc4 37. g4 Rb2 38. Ke4 Rb1 0-1

[Event "DVM U20w 2008"]
[Site "Arendsee (Altmark) GER"]
[Date "2008.12.29"]
[Round "4"]
[White "Oberpriller, Katharina"]
[Black "Koppers, Hannah"]
[Result "1/2-1/2"]
[Termination "normal"]
[Board "4.3"]
[WhiteElo "1333"]
[BlackElo "1136"]
[WhiteTeam "FC Ergolding"]
[BlackTeam "SK Turm Rheydt 1929"]
[PlyCount "50"]
[EventCountry "GER"]
[EventRounds "5"]
[EventType "team-swiss"]
[EventDate "2008.12.26"]

1. d4 e6 2. c4 d5 3. Nc3 Nf6 4. Bg5 Be7 5. Nf3 O-O 6. e3 Nc6 7. Bd3 dxc4 8.
Bxc4 b6 9. O-O Bb7 10. Rc1 Na5 11. Be2 Rc8 12. a3 Nd5 13. Bxe7 Qxe7 14. b4 Nxc3
15. Rxc3 Nc6 16. Bb5 Nb8 17. Qe2 Qf6 18. Rfc1 c6 19. Bd3 Rc7 20. Be4 Rfc8 21.
Qd3 g6 22. b5 Qe7 23. bxc6 Bxc6 24. Bxc6 Nxc6 25. h3 Qd6 1/2-1/2

[Event "DVM U20w 2008"]
[Site "Arendsee (Altmark) GER"]
[Date "2008.12.30"]
[Round "5"]
[White "Farokhpey, Sarah"]
[Black "Stark, Saskia"]
[Result "1/2-1/2"]
[Termination "normal"]
[Board "1.2"]
[WhiteElo "1612"]
[BlackElo "1912"]
[WhiteTeam "FC Ergolding"]
[BlackTeam "SG G-W Dresden"]
[PlyCount "46"]
[BlackFideId "4601050"]
[EventCountry "GER"]
[EventRounds "5"]
[EventType "team-swiss"]
[EventDate "2008.12.26"]

1. d4 d5 2. Nf3 Nf6 3. e3 Bg4 4. c4 dxc4 5. Bxc4 e6 6. Nbd2 Nbd7 7. O-O Be7 8.
Qb3 Nb6 9. Bd3 O-O 10. Ne5 Bh5 11. h3 c5 12. dxc5 Bxc5 13. Ne4 Nxe4 14. Bxe4
Qc7 15. Nc4 Bg6 16. Bxg6 hxg6 17. Nxb6 Bxb6 18. Bd2 Rfd8 19. Rac1 Qe5 20. Bc3
Qd5 21. Qxd5 Rxd5 22. Rfd1 Rad8 23. Rxd5 Rxd5 1/2-1/2

[Event "DVM U20w 2008"]
[Site "Arendsee (Altmark) GER"]
[Date "2008.12.30"]
[Round "5"]
[White "Kosovska, Olena"]
[Black "Oberpriller, Katharina"]
[Result "1-0"]
[Termination "normal"]
[Board "1.3"]
[WhiteElo "1954"]
[BlackElo "1333"]
[WhiteTeam "SG G-W Dresden"]
[BlackTeam "FC Ergolding"]
[PlyCount "45"]
[WhiteFideId "4647963"]
[EventCountry "GER"]
[EventRounds "5"]
[EventType "team-swiss"]
[EventDate "2008.12.26"]

1. c4 e6 2. Nc3 Nf6 3. d4 d5 4. Bg5 c6 5. e3 Nbd7 6. Nf3 Bb4 7. a3 Be7 8. Bd3
O-O 9. O-O dxc4 10. Bxc4 b6 11. b4 Bb7 12. Rb1 Rc8 13. Qe2 Re8 14. Rfd1 Qc7 15.
e4 Rcd8 16. Bh4 h6 17. Bg3 Qc8 18. h3 Nh7 19. Rbc1 Qa8 20. Qa2 Ndf8 21. d5 cxd5
22. exd5 Bc8 23. Nb5 1-0

[Event "DVM U20w 2008"]
[Site "Arendsee (Altmark) GER"]
[Date "2008.12.30"]
[Round "5"]
[White "Wernthaler, Lisa-Marie"]
[Black "Nake, Marianne"]
[Result "1/2-1/2"]
[Termination "normal"]
[Board "1.4"]
[WhiteElo "909"]
[BlackElo "1320"]
[WhiteTeam "FC Ergolding"]
[BlackTeam "SG G-W Dresden"]
[PlyCount "46"]
[EventCountry "GER"]
[EventRounds "5"]
[EventType "team-swiss"]
[EventDate "2008.12.26"]

1. e4 c5 2. Nf3 Nc6 3. d4 cxd4 4. Nxd4 Nf6 5. Nc3 e5 6. Nb3 Bb4 7. Bd2 Bxc3 8.
Bxc3 Nxe4 9. Bc4 Nxc3 10. bxc3 O-O 11. Qd5 Qf6 12. f3 e4 13. Qxe4 Qxc3+ 14. Kf2
d6 15. Rhe1 Bd7 16. Rad1 Rae8 17. Qd3 Qxd3 18. Rxd3 Rxe1 19. Kxe1 Re8+ 20. Kd2
Ne5 21. Rd4 Nxc4+ 22. Rxc4 Bb5 23. Rc7 Rb8 1/2-1/2

[Event "DVM U20w 2008"]
[Site "Arendsee (Altmark) GER"]
[Date "2008.12.30"]
[Round "5"]
[White "Karmann, Anna"]
[Black "Hofmann, Annett"]
[Result "0-1"]
[Termination "normal"]
[Board "2.1"]
[WhiteElo "1903"]
[BlackElo "1993"]
[WhiteTeam "SG Porz"]
[BlackTeam "SF Hettstedt"]
[PlyCount "96"]
[WhiteFideId "24648000"]
[BlackFideId "24603759"]
[EventCountry "GER"]
[EventRounds "5"]
[EventType "team-swiss"]
[EventDate "2008.12.26"]

1. c4 Nf6 2. Nf3 d6 3. Nc3 g6 4. g3 c6 5. Bg2 h5 6. h3 e5 7. d3 Qc7 8. e4 Na6
9. Be3 Bd7 10. Rc1 Qc8 11. d4 Qc7 12. a3 Bg7 13. b4 O-O 14. O-O Rfe8 15. Qd3
Rad8 16. d5 c5 17. Nb5 Qb8 18. bxc5 Nxc5 19. Bxc5 dxc5 20. Rb1 Nxe4 21. Qxe4
Bf5 22. Qe3 Bxb1 23. Rxb1 e4 24. Ne1 a6 25. Nc3 Bd4 26. Qc1 Qxg3 27. Nd1 Qh4
28. Nc2 Rd7 29. Qd2 Bg7 30. Rb3 f5 31. f3 Qg3 32. Qf2 Qf4 33. fxe4 Qc1 34. Qe2
fxe4 35. Re3 Rde7 36. Kf2 Bd4 37. Nxd4 cxd4 38. Rxe4 Rxe4 39. Bxe4 Qf4+ 40. Qf3
Qxe4 41. Qxe4 Rxe4 42. Nb2 Re3 43. d6 Kf7 44. c5 Rxh3 45. Nc4 Rc3 46. Ne5+ Ke8
47. Nxg6 Rxc5 48. Nf4 Rf5 0-1

[Event "DVM U20w 2008"]
[Site "Arendsee (Altmark) GER"]
[Date "2008.12.30"]
[Round "5"]
[White "Micklich, Rahel"]
[Black "Hofmann, Christine"]
[Result "1/2-1/2"]
[Termination "normal"]
[Board "2.3"]
[WhiteElo "1779"]
[BlackElo "1606"]
[WhiteTeam "SG Porz"]
[BlackTeam "SF Hettstedt"]
[PlyCount "29"]
[WhiteFideId "24639184"]
[EventCountry "GER"]
[EventRounds "5"]
[EventType "team-swiss"]
[EventDate "2008.12.26"]

1. d4 c5 2. d5 e5 3. e4 d6 4. c4 Be7 5. Nc3 Nd7 6. Qg4 g6 7. Qd1 Nb6 8. a4 Bd7
9. a5 Nc8 10. f4 Bh4+ 11. g3 Bf6 12. Qb3 Rb8 13. a6 Qb6 14. Nb5 Nge7 15. Qc2
1/2-1/2

[Event "DVM U20w 2008"]
[Site "Arendsee (Altmark) GER"]
[Date "2008.12.30"]
[Round "5"]
[White "Becker, Franziska"]
[Black "Tunc, Helin"]
[Result "1-0"]
[Termination "normal"]
[Board "2.4"]
[WhiteElo "1481"]
[BlackElo "1554"]
[WhiteTeam "SF Hettstedt"]
[BlackTeam "SG Porz"]
[PlyCount "113"]
[WhiteFideId "24691518"]
[BlackFideId "24659304"]
[EventCountry "GER"]
[EventRounds "5"]
[EventType "team-swiss"]
[EventDate "2008.12.26"]

1. e4 d5 2. d4 c6 3. b3 dxe4 4. Nc3 Bf5 5. f3 exf3 6. Nxf3 e6 7. Bb2 Nf6 8. Bd3
Bg4 9. Ne4 Nbd7 10. h3 Nxe4 11. Bxe4 Bxf3 12. Qxf3 Nf6 13. O-O Be7 14. Bd3 O-O
15. h4 Qd5 16. Qh3 Qh5 17. g3 Qg4 18. Qxg4 Nxg4 19. Rf4 Nf6 20. c4 Rad8 21. Rd1
c5 22. Ba3 b6 23. Be2 Rfe8 24. Bb2 cxd4 25. Bxd4 Bc5 26. Bxc5 Rxd1+ 27. Bxd1
bxc5 28. Bc2 Rd8 29. Rf2 Rd4 30. Re2 a5 31. Kf1 Nd7 32. Ke1 Nb6 33. Re3 a4 34.
a3 axb3 35. Rxb3 Rxc4 36. Rxb6 f6 37. Kd1 Kf7 38. a4 Rc3 39. Rb3 Rxb3 40. Bxb3
Ke7 41. a5 Kd7 42. Bxe6+ Kc7 43. Bg8 h6 44. Bc4 Kb7 45. Ke2 g5 46. h5 f5 47.
Kf3 Kc6 48. Bd3 Kd5 49. Bxf5 c4 50. Kg4 c3 51. Bc2 Kc4 52. Kf5 Kb5 53. Kg6 Kxa5
54. Kxh6 Kb4 55. Kxg5 Ka3 56. h6 Kb2 57. Be4 1-0